000 01585nam a22003857a 4500
003 CHAP
005 20220817044510.0
008 111128s2011 mx r 00010 spa d
010 _a102576
011 _a103548
035 _a114237
040 _cCHAP
090 _aTesis
100 1 _aSerrano Cervantes, Rocio
_9105211
245 1 0 _aProducción de frijol (Phaseolus vulgaris L.) en asociación con aguacate (Persea americana Mill.) en la comunidad de Cheratillo, municipio de Los Reyes de Salgado, Michoacán
_h[En línea]
_c/por Rocio Serrano Cervantes
260 _aChapingo, Méx. :
_bEl autor,
_c2011
500 _aPara ver el contenido del material haga clic en la liga
502 _aTesis (Ing. Agr. Esp. en Fitotecnia) -- UACH. Departamento de Fitotecnia
590 _aALEPH
_b10
_c20130110
_lUCH01
_h1543
590 _aBATCH-UPD
_b10
_c20130110
_lUCH01
_h1413
590 _aBATCH-UPD
_b10
_c20130410
_lUCH01
_h0859
590 _aBATCH-UPD
_b10
_c20130913
_lUCH01
_h2308
590 _aBATCH-UPD
_b10
_c20140324
_lUCH01
_h1528
590 _aBATCH-UPD
_b10
_c20141002
_lUCH01
_h0852
590 _aCONVERSION
_b10
_c20130109
_lUCH01
_h1356
650 1 4 _aAguacate
_xRendimiento.
_92553
650 1 4 _aCultivos asociados.
_930370
650 1 4 _aCultivos
_xMichoacán.
650 1 4 _aFrijol
_zProducción.
_943457
856 _3Finding aid
_uhttp://10.13.5.2/tesis/114237.pdf
_zTeclea aqui
901 _aBK
942 _cFOLL
949 _atesis
_bBC
_cTES
_d33724002314223
_eTS1
_gDonaciØn
_h53054
_i114237
_st
949 _aTesis
_bBC
_cTES
_d33724002314264
_eTS2
_fc.2
_gDonaciØn
_h53055
_i114237
_st
999 _c102576
_d102576